Nomina almeno una risposta valida - II Guerra Mondiale - Statistics

Statistiche generali
  • Questo quiz è stato fatto 484 volte
  • Il punteggio medio è 9 su 19
Statistiche sulle risposte
Condizione Risposta % Corretto
Maggiori potenze dell'Asse Germania | Giappone | Italia
99%
Nazioni Europee neutrali e non invase durante la guerra Irlanda | Liechtenstein | Portogallo | Spagna | Svezia | Svizzera | Città del Vaticano
91%
Paesi moderni che erano colonie Italiane nel1939 Cina | Eritrea | Etiopia | Libia | Somalia
83%
Più grandi città moderne occupate dai Nazisti (Escluse città Tedesche) Parigi | Kiev | Amsterdam | Varsavia | Copenhagen
80%
Paesi invasi o assorbiti dalla Germania prima del 1939 Austria | Cecoslovacchia
78%
Città Tedesche (> 500k) che furono distrutte per più del 50% Cologna | Düsseldorf | Dortmund | Dresda | Francoforte | Amburgo
65%
Battaglie con più di 1,000,000 morti Leningrado | Stalingrado | Berlino | Mosca
58%
Ghetti con più di 100,000 prigionieri Ebrei Varsavia | Łódź | Budapest | Leopoli | Minsk
52%
Più grandi città moderne occupate dai Giapponesi (Escluse città Giapponesi) Guangzhou | Shanghai | Giacarta | Manila | Seul
47%
Maggiori conferenze dei "Grandi Tre" leader alleati Tehran | Yalta | Potsdam
43%
Generali 5 Stelle Americani Hap Arnold | Dwight Eisenhower | Douglas MacArthur | George Marshall
30%
Churchill disse "Noi combatteremo sulle spiagge". Dove altro combatteremo? Francia | mari | oceani | aria | luoghi di sbarco | campi | strade | colline
28%
Spiagge del D-Day Gold | Juno | Omaha | Sword | Utah
26%
Nomi in codice delle bombe atomiche lanciate sul Giappone Little Boy | Fat Man
25%
Gerarchi Nazisti catturati in Sud America Klaus Barbie | Adolph Eichmann | altri ...
19%
Paesi neutrali invasi dagli Alleati Islanda | Iran
15%
Battaglie nel pacifico con almeno 25,000 caduti americani Okinawa | Iwo Jima | Luzon
15%
Aereoplani U.S.A o Britannici più prodotti Spitfire | B-24 Liberator | P-47 Thunderbolt | P-51 Mustang | Hawker Hurricane
13%
Corazzzate distrutte nell'attacco di Plear Harbor Arizona | California | Maryland | Nevada | Oklahoma | Pennsylvania | Tennessee | West Virginia
10%
Nessun quiz corrispondente trovato
Distribuzione punteggi
Percentuale di utenti per punteggio
Percentile per numero di risposta
I tuoi punteggi nel tempo
Non hai fatto questo quiz